000 00681nam a22002297a 4500
005 20170124105956.0
010 _aB-209658
020 _c150.00
_a819018460X
035 _aB-209658
037 _bCen Lib/Ret
040 _aDPL
_bEN
082 _a155.413
_bSHU
100 _aShukla, Rajesh
_914657
245 _aChild intelligence /
_cby Rajesh Shukla
260 _aDelhi
_bWorld Infrmation Syndicate
_c2004
270 _a3/258-259, Trilok Puri
_bDelhi
_e110091
300 _a141p.
_c24cm(pbk)
500 _aIncludes bibliographical references.
650 _aChild rearing
_95183
650 _aEmotions in children
_914658
942 _2ddc
_cEN
_h320.954
_mDIX
999 _c125529
_d125529